[Event "IECC O-2083"]
[Site "IECC email"]
[Date "2004.10.13"]
[Round "?"]
[White "Winnard, Fred"]
[Black "George, Steve"]
[Result "1-0"]
[WhiteElo "1363"]
[BlackElo "1250"]
[PlyCount "69"]
[EventDate "2004.??.??"]
[EventType "swiss (corr)"]
[EventRounds "2"]
[SourceTitle "Corr 2020"]
[Source "ChessBase"]
[SourceDate "2019.09.30"]
[SourceVersion "1"]
[SourceVersionDate "2019.09.30"]
[SourceQuality "1"]
[WhiteTeam "England"]
[BlackTeam "Canada"]
[WhiteTeamCountry "ENG"]
[BlackTeamCountry "CAN"]

1. e4 e5 2. Nf3 Nc6 3. Nc3 Nf6 4. Bb5 Bb4 5. a3 Bxc3 6. dxc3 d6 7. Qe2 a6 8. Bxc6+ bxc6 9. 0-0 0-0 10. Bg5 h6 11. Bh4 Rb8 12. b4 a5 13. Nd2 Qe7 14. Qe3 g5 15. Bg3 d5 16. exd5 cxd5 17. Qxe5 Qxe5 18. Bxe5 Ne8 19. Rfe1 Bf5 20. bxa5 Bxc2 21. c4 Ra8 22. Rac1 f6 23. Bc3 Bg6 24. cxd5 Nd6 25. Bb4 Rfe8 26. Rxe8+ Rxe8 27. Nf1 Re2 28. Rxc7 Ne4 29. a6 Nd2 30. Rc8+ Kh7 31. a7 Bd3 32. a8Q Re1 33. g4 Nf3+ 34. Kg2 Bxf1+ 35. Kg3 1-0

[Event "IECC O-1938"]
[Site "IECC email"]
[Date "2004.04.07"]
[Round "?"]
[White "Aga, Shahvir"]
[Black "Winnard, Fred"]
[Result "1-0"]
[WhiteElo "1432"]
[BlackElo "1359"]
[PlyCount "69"]
[EventDate "2004.??.??"]
[EventType "swiss (corr)"]
[EventRounds "2"]
[SourceTitle "Corr 2020"]
[Source "ChessBase"]
[SourceDate "2019.09.30"]
[SourceVersion "1"]
[SourceVersionDate "2019.09.30"]
[SourceQuality "1"]
[WhiteTeam "India"]
[BlackTeam "England"]
[WhiteTeamCountry "IND"]
[BlackTeamCountry "ENG"]

1. e4 e5 2. Nf3 Nc6 3. Bb5 a6 4. Ba4 b5 5. Bb3 Nf6 6. Ng5 d5 7. Nc3 Be6 8. exd5 Nxd5 9. Nxe6 fxe6 10. a4 Nd4 11. Bxd5 exd5 12. axb5 axb5 13. Rxa8 Qxa8 14. Qh5+ Kd7 15. 0-0 Ke6 16. f4 Kd7 17. fxe5 Qc6 18. Rf7+ Kd8 19. Qh4+ Kc8 20. Rxf8+ Rxf8 21. Qxd4 Re8 22. d3 Qe6 23. Bf4 g5 24. Bg3 c6 25. Ne2 Kb7 26. Bf2 Ra8 27. Qb6+ Kc8 28. Bg3 Ra1+ 29. Kf2 Qf7+ 30. Ke3 Qa7 31. Qxa7 Rxa7 32. Kd4 Ra2 33. Kc5 Rxb2 34. Nd4 Rb1 35. e6 1-0

[Event "IECC O-1897"]
[Site "IECC email"]
[Date "2004.02.19"]
[Round "?"]
[White "Winnard, Fred"]
[Black "Trotter, Bill"]
[Result "0-1"]
[WhiteElo "1368"]
[BlackElo "1320"]
[PlyCount "78"]
[EventDate "2004.??.??"]
[EventType "swiss (corr)"]
[EventRounds "2"]
[SourceTitle "Corr 2020"]
[Source "ChessBase"]
[SourceDate "2019.09.30"]
[SourceVersion "1"]
[SourceVersionDate "2019.09.30"]
[SourceQuality "1"]
[WhiteTeam "England"]
[BlackTeam "England"]
[WhiteTeamCountry "ENG"]
[BlackTeamCountry "ENG"]

1. e4 e6 2. d4 d5 3. e5 c5 4. c3 Nc6 5. Bb5 a6 6. Ba4 b5 7. Bc2 cxd4 8. cxd4 Qa5+ 9. Bd2 Qb6 10. Be3 Nb4 11. Nf3 Ne7 12. 0-0 Bd7 13. a3 Nxc2 14. Qxc2 Rc8 15. Qd2 Nf5 16. Nc3 Be7 17. Rac1 0-0 18. Ne2 Nxe3 19. Qxe3 b4 20. Nf4 Bb5 21. Rfe1 bxa3 22. bxa3 Qa5 23. Ra1 Rc3 24. Qd2 Bxa3 25. Nh5 h6 26. Nf6+ Kh8 27. Nh5 Rfc8 28. Qf4 Qc7 29. g4 Bb2 30. g5 Bxa1 31. gxh6 Rxf3 32. Qxf3 Bxd4 33. hxg7+ Kg8 34. Nf6+ Kxg7 35. Qg4+ Kf8 36. Qxd4 Qc3 37. Qxc3 Rxc3 38. Kh1 d4 39. Rg1 Bc6+ 0-1

[Event "IECC O-1678"]
[Site "IECC email"]
[Date "2003.06.19"]
[Round "?"]
[White "Winnard, Fred"]
[Black "Aga, Shahvir"]
[Result "0-1"]
[WhiteElo "1374"]
[BlackElo "1417"]
[PlyCount "22"]
[EventDate "2003.??.??"]
[EventType "swiss (corr)"]
[EventRounds "2"]
[SourceTitle "Corr 2020"]
[Source "ChessBase"]
[SourceDate "2019.09.30"]
[SourceVersion "1"]
[SourceVersionDate "2019.09.30"]
[SourceQuality "1"]
[WhiteTeam "England"]
[BlackTeam "India"]
[WhiteTeamCountry "ENG"]
[BlackTeamCountry "IND"]

1. e4 e5 2. Nf3 Nc6 3. Bb5 Bc5 4. Nxe5 Bxf2+ 5. Kxf2 Nxe5 6. d4 Qf6+ 7. Ke1 Ng6 8. e5 Qh4+ 9. g3 Qe4+ 10. Qe2 Qxh1+ 11. Kd2 Qd5 0-1